Dynamika české společnosti a osudy lidí na přelomu tisíciletí
Enregistré dans:
| Auteur principal: | |
|---|---|
| Format: | Livre |
| Langue: | tchèque |
| Publié: |
Praha
Sociologické nakladatelství
2003
|
| Collection: | Studie
|
| Sujets: | |
| Tags: |
Pas de tags, Soyez le premier à ajouter un tag!
|
MARC
| LEADER | 00000nam$a2200000$$$4500 | ||
|---|---|---|---|
| 001 | 0009380 | ||
| 005 | 20240315114428.1 | ||
| 020 | |a 80-86429-22-9 | ||
| 041 | 0 | |a cze | |
| 044 | |a CZ | ||
| 245 | 1 | 0 | |a Dynamika české společnosti a osudy lidí na přelomu tisíciletí |c Milan Tuček a kol. |
| 264 | 1 | |a Praha |b Sociologické nakladatelství |c 2003 | |
| 300 | |a 428 s. | ||
| 490 | 1 | |a Studie | |
| 830 | 0 | |a Studie | |
| 610 | 2 | 0 | |a spoločnosť |
| 610 | 2 | 0 | |a demokracia |
| 610 | 2 | 0 | |a hospodárstvo trhové |
| 610 | 2 | 0 | |a demografia |
| 610 | 2 | 0 | |a regióny |
| 610 | 2 | 0 | |a štatistika demografická |
| 610 | 2 | 0 | |a štatistika regionálna |
| 610 | 2 | 0 | |a vzdelanosť |
| 610 | 2 | 0 | |a štruktúra kvalifikačná |
| 610 | 2 | 0 | |a aktivita hospodárska |
| 610 | 2 | 0 | |a vývoj hospodársky |
| 610 | 2 | 0 | |a úroveň životná |
| 610 | 2 | 0 | |a diferenciácia mzdová |
| 610 | 2 | 0 | |a diferenciácia sociálna |
| 610 | 2 | 0 | |a postavenie sociálne |
| 610 | 2 | 0 | |a mobilita sociálna |
| 100 | 1 | |a Tuček, Milan | |